Mens NCAA March Madness Bracket 2024 - Final 4, Finals, and Champion - Statistics

General Stats
  • This quiz has been taken 213 times
  • The average score is 5 of 7
Answer Stats
Hint Answer % Correct
1 UConn
95%
11 NC State
73%
1 Purdue
71%
Finals - 1 UConn
66%
4 Alabama
60%
Finals - 1 Purdue
56%
Champion - 1 UConn
55%
No matching quizzes found
Score Distribution
Percent of People with Each Score
Percentile by Number Answered
Your Score History
You have not taken this quiz